01181cam a22003011 4500001001300000003000400013005001700017008004100034010001700075035001900092040002400111042001200135050002200147082002100169100004300190245009100233260003000324300008000354410007700434500010800511504002500619650004200644650004600686650004700732651002400779710002900803710004700832gs 44000043 DLC20260227111349.0760622s1944 msuabdf b 000 0 eng  ags 44000043  a(OCoLC)2274049 aDLCcOTdOCoLCdDLC apremarc00aQE129b.A2 no. 58 a(557.62) 551.491 aBrown, Glen F.q(Glen Francis),d1911-10aGeology and ground-water resources of the Camp Shelby area,cby Glen Francis Brown ... aUniversity, Miss.,c1944. a72 p.bfront. (fold. map) illus., fold. plates, tables (part fold.)c23 cm.20aMississippi Geological, Economic, and Topographical SurveytBulletinv58 a"In cooperation with the United States Geological survey and the Mobile United States Engineer office." a"References": p. 50. 0aGeologyzMississippizForrest County. 0aGroundwaterzMississippizForrest County. 0aWater-supplyzMississippizForrest County. 0aCamp Shelby (Miss.)2 aGeological Survey (U.S.)1 aUnited States.bArmy.bCorps of Engineers.